| 000 | 00395 a2200145 4500 | ||
|---|---|---|---|
| 005 | 20250627075137.0 | ||
| 020 | _a0-921156-12-X | ||
| 082 | _a371.395 BRU, | ||
| 100 | _aBRUBACHER, M. | ||
| 245 | _aPerspective on Small Group Learning: Theory & Practice, | ||
| 260 |
_aCanada, _bRubicon Publishing Inc. _c1990. |
||
| 300 |
_ax,; 342p: _c23cm |
||
| 700 | _aPAYNE, R. RICKETT, K. | ||
| 942 |
_2ddc _cBKS |
||
| 999 |
_c5533 _d5533 |
||